[Event "Andorra op 22nd"]
[Site "Andorra"]
[Date "2004.07.11"]
[Round "9"]
[White "Mateo, Ramon"]
[Black "Arizmendi Martinez, Julen Luis"]
[Result "0-1"]
[WhiteElo "2425"]
[BlackElo "2534"]
[Annotator "Arizmendi,J"]
[PlyCount "86"]
[EventDate "2004.07.03"]
[EventType "swiss"]
[EventRounds "9"]
[EventCountry "AND"]
[SourceTitle "CBM 101 Extra"]
[Source "ChessBase"]
[SourceDate "2004.09.01"]
[SourceVersion "2"]
[SourceVersionDate "2004.09.01"]
[SourceQuality "1"]

1. e4 c5 2. Nf3 d6 3. d4 cxd4 4. Nxd4 Nf6 5. Nc3 a6 6. Bg5 e6 7. g3 $6 {
A strange combination of moves: the bishop on g5 and the fianchetto just do
not seem to fit together.} Be7 8. h4 {A sad but necessary move in order to
prevent the typical ...Nxe4 tactic.} Nc6 (8... b5 9. Bg2 Bb7 10. a3 Nbd7 {
Is a "more Najdorf" approach, and possibly stronger too. However, during the
game I was quite happy with a Scheveningen setup in which the g5-bishop and
the h4-pawn do not stand on the best squares.}) 9. Bg2 Bd7 10. Nb3 Qc7 11. Qe2
{This gives Black the chance to become very active on the queenside.} (11. a4 {
looks better, although Black would still be doing quite well after} O-O {
and 12...Ne5}) 11... b5 12. O-O O-O (12... h6 $5 {first is interesting,
preventing White´s regrouping plan in the game.}) 13. Rad1 Rac8 14. Nb1 Rfd8
15. c3 h6 16. Bc1 e5 $1 {A good plan. White now has problems controlling d5,
so little can be done to prevent Black from achieving his aim in the Sicilian.}
17. N1d2 Bg4 $1 18. Bf3 {This leaves the bishop poorly placed, but} (18. f3 {
would weaken White´s position beyond repair.}) 18... Be6 19. Rfe1 b4 20. Qxa6
bxc3 21. bxc3 Ra8 22. Qd3 Rxa2 23. Nc4 $6 (23. c4 Nb4 24. Qc3 Rb8 $17) 23... d5
24. exd5 Nxd5 25. Bxd5 Bxd5 26. Qb1 $2 (26. Nbd2 Bc5 $17) 26... Bxc4 27. Rxd8+
Bxd8 28. Qxa2 Qb6 29. Qa8 Bxb3 30. Be3 Qc7 $19 31. Rb1 Bc2 32. Bb6 Qd7 33. Rc1
Be4 {The game is over. The rest is just a matter of reaching the time-control
on move forty.} 34. Re1 Bf3 35. Kh2 Qd2 36. Rf1 Qd3 37. Re1 Qd2 38. Rf1 Qd3 39.
Re1 Kh7 40. Bxd8 Nxd8 41. Qa5 Qd2 42. Rf1 Qe2 43. Kg1 Be4 0-1

[Event "Nova Gorica op-A 08th"]
[Site "Nova Gorica"]
[Date "2003.02.03"]
[Round "6"]
[White "Meijers, Viesturs"]
[Black "Atalik, Suat"]
[Result "1-0"]
[WhiteElo "2496"]
[BlackElo "2581"]
[Annotator "Atalik,S"]
[PlyCount "129"]
[EventDate "2003.01.31"]
[EventType "swiss"]
[EventRounds "9"]
[EventCountry "SLO"]
[SourceTitle "EXT 2004"]
[Source "ChessBase"]
[SourceDate "2003.11.25"]
[SourceVersion "1"]
[SourceVersionDate "2003.11.25"]
[SourceQuality "1"]

1. e4 c5 2. Nf3 d6 3. d4 cxd4 4. Nxd4 Nf6 5. Nc3 Nc6 6. Bg5 e6 7. Qd2 Be7 {
I have especially started with this since Meijers only plays Rauzer including
Be2.} 8. Be2 {Expected!} O-O 9. O-O a6 10. Rad1 Rb8 $1 {I like Alex's idea.Now
my opponent started to take a lot of time.} 11. Kh1 $146 {A novelty of
insignificant level.Anything you touch would be a novelty here.} Qc7 (11...
Nxd4 12. Qxd4 b5 13. e5 dxe5 14. Qxe5 $11 {looked too equal to me.}) 12. Qe3 {
Another strange looking move.} ({Preventing b5 trust should be taken seriously.
} 12. a4 Bd7 13. Nb3 (13. f4 h6) 13... Rfd8 14. Bxf6 Bxf6 15. Qxd6 Qxd6 16.
Rxd6 Be5 17. Rd2 Bf4 18. Rdd1 Nb4 19. g3 Be5 20. f4 Bxc3 21. bxc3 Na2 $44)
12... b5 (12... Nxd4 13. Qxd4 (13. Rxd4 b5 14. a3 $13) 13... b5 14. a3 $13) 13.
Nxc6 Qxc6 14. e5 $6 {A very passive move.} (14. f4 b4 15. e5 dxe5 16. fxe5 Ng4
17. Bxg4 Bxg5 18. Qxg5 bxc3 19. Bh5 g6 $1 (19... Bb7 $2 20. Bxf7+ Kh8 (20...
Rxf7 $2 21. Rd8+ $18) 21. b3) 20. Bf3 Qa4 21. bxc3 Bb7 22. Bxb7 Rxb7 23. Rd8
Rb8 24. Rxb8 Rxb8 25. Qf6 Rf8 26. h4 h5 $11) 14... dxe5 15. Qxe5 Bb7 16. Bf3
Qc4 17. Ne4 $2 {This is simply bad.} (17. Be2 Qb4 $15) (17. b3 Qb4 $15) 17...
Nxe4 $4 (17... Bxe4 18. Bxe4 Bd6 $1 19. Qxd6 Nxe4 20. Qf4 f6 21. Bh4 g5 22. Qe3
(22. Qg4 Nxf2+ $19) 22... gxh4 $19) 18. Bxe7 Rfe8 19. Bxe4 (19. Bh4 Nd2 20. Be2
(20. Bxb7 Nxf1 21. Qe4 Qc7 $19) 20... Qxc2 $17) 19... Qxe4 $1 (19... Bxe4 $6
20. c3 f6 21. Qg3 Bg6 22. b3 Qe2 23. Ra1 e5 24. Rfe1 $11) 20. Qxe4 Bxe4 21. Bd6
Bxc2 $2 {Another inexactitude.Heavy pieces combined with opposite colored
bishops gives black chances to win.} (21... Rbd8 22. c3 (22. Bc7 Rc8) 22... Bd5
23. Bc7 Rc8 24. Bb6 Bxa2 $17) 22. Bxb8 Bxd1 23. Rxd1 Rxb8 $15 {Instead of
winning a piece after all of these mambo-jumbo I have won a pawn.But the rook
ending is not that easy to win.} 24. Rd6 a5 (24... Rc8 25. g3 Kf8 26. Rxa6 Rc2
27. Kg2 Rxb2 28. a4 $11) 25. g3 (25. h4 $142 {is of course better.}) 25... g5
$1 26. Ra6 a4 27. b3 axb3 28. axb3 g4 29. Kg2 Rd8 30. Rb6 Rd5 31. h3 h5 32.
Rb8+ Kg7 33. b4 Kf6 34. Rb7 Rf5 35. h4 {Exchanging on g4 is another idea.
However my opponent wanted to fix h4 against black 's h5 and use the latter's
weakness.} (35. hxg4 hxg4 36. Kf1 Re5 37. Kg2 Kg6 38. f4 (38. Kf1 $2 f6 39. Kg2
Kf5 40. Kf1 Ke4 41. Rd7 Rd5 42. Re7 e5 43. Rb7 Rd4 $19) 38... gxf3+ 39. Kxf3 f5
40. Rb8 $1 (40. Rb6 $2 Kf6 41. Rb8 Rd5 42. Ke3 e5 43. Rf8+ Kg5 44. Rg8+ Kh5 45.
Rc8 Rd4 $1 46. Rc5 Rxb4 47. Rxe5 Kg4 $19) 40... Rd5 41. Rg8+ Kf7 42. Rb8 Ke7 (
42... e5 43. Rb6) 43. Rb7+ Kd6 44. Rb6+ Kd7 45. Ke3 e5 46. Rf6 Rd4 47. Rxf5 Ke6
48. Rf8 Rxb4 49. Rb8 Kd5 50. Rd8+ Kc6 51. Rc8+ Kd7 52. Rg8 Kd6 53. g4 $11)
35... Re5 $1 {First I have decided to prevent f3.} (35... Rd5 36. f4 gxf3+ 37.
Kxf3 Kg6 38. Ke4 f5+ 39. Ke3 Kf6 40. Rh7 Ke5 41. Rb7 Kd6 42. Rb6+ Ke5 43. Rb7
Kf6 44. Rh7 Kg6 45. Rb7 e5 46. Rb6+ Kf7 47. Rb7+ Ke6 48. Rb6+ $11) 36. Kf1 Kg6
37. Kg2 f6 38. Rb8 Kf5 39. Rh8 Ke4 40. Rf8 $2 {A grandiose mistake by my
opponent.} (40. Rd8 Kf5 (40... Rd5 41. Re8 e5 42. Rh8 Rd4 43. Rxh5 Rxb4 44. Rh8
Kf5 45. Rg8 Rd4 46. h5 Rd7 47. Rb8 $11) 41. Rh8 Kg6 42. Rg8+ Kf7 43. Rb8 Rd5
44. Rb7+ Kg6 45. Rb8 e5 46. Kf1 e4 47. Ke2 f5 48. Ke3 $11) 40... Kd3 $1 {
By sacrificing the pawn black switches to the queenside.} (40... f5 $2 41. Rh8
f4 42. gxf4 Kxf4 43. Re8 Ke4 44. Kg3 Kd3 45. Rc8 Rf5 46. Rc6 Rf6 47. Rc5 Rf3+
48. Kg2 Rf5 49. Rc6 Re5 50. Kg3 $11) 41. Rxf6 Kc3 42. Rf4 Rf5 $1 (42... Re2 $2
43. Kf1 Rb2 44. Re4 Rxb4 45. Re5 $1 Rb1+ 46. Kg2 b4 47. Rc5+ Kd4 48. Rxh5 b3
49. Rb5 Kc3 50. h5 b2 51. h6 Rd1 52. h7 Rd8 53. Rb7 $11) 43. Re4 e5 $19 {
Now both white rook and King have limited scope.} 44. Kf1 Kd3 45. Re3+ {
One of the two possible variations.} (45. Re1 e4 $1 (45... Kc4 $2 46. Re4+ Kd5
47. Re1 Rf6 48. Rd1+ Kc4 49. Re1 Kxb4 50. Rxe5 Rh6 51. Ke2 Kc4 52. f3 gxf3+ 53.
Kxf3 b4 54. g4 b3 55. gxh5 b2 56. Re1 $11) 46. Kg2 Rd5 $1 (46... Rf3 47. Rc1)
47. Rc1 Rd4 48. Rc5 Rxb4 49. Rxh5 e3 $1 50. fxe3 Rb2+ 51. Kf1 Ke4 $1 52. Rg5
Kf3 53. Rf5+ Kxg3 54. h5 b4 55. h6 Rh2 $1 (55... Rb1+ $2 56. Ke2 b3 57. Rb5 b2
58. h7 Rh1 59. Rxb2 Rxh7 60. Rb8 Kh2 61. Rg8 g3 62. Kf3 (62. e4 g2 63. Ke3
g1=Q+ 64. Rxg1 Kxg1 65. Kf4 $11) 62... Rf7+ 63. Ke4 g2 64. Kd4 (64. Kd5 Rf3 65.
e4 Rg3 66. Rh8+ Kg1 67. Rf8 $1 Rg7 68. e5 $11) 64... g1=Q 65. Rxg1 Kxg1 66. e4
Kf2 67. e5 $11) 56. Rb5 Rxh6 57. Rxb4 Rh1+ 58. Ke2 Kh3 59. Rb8 g3 60. Rh8+ Kg2
61. Rg8 Rh4 $1 62. Rg7 (62. Kd3 Kf2 63. Rf8+ Kg1 64. e4 g2 65. e5 Kh1 $19)
62... Ra4 63. Rg8 Ra2+ 64. Kd3 Kf2 65. Rf8+ (65. e4 g2) 65... Ke1 66. Rg8 g2
67. e4 Ra3+ 68. Kd4 Kf2 69. Rxg2+ Kxg2 70. e5 Kf3 $19) 45... Kd4 46. Ke2 e4 47.
Ra3 Kc4 {There ain't no need to waste a tempo.} (47... Rf3 $2 48. Ra8 e3 49.
fxe3+ (49. Rd8+ Kc4 50. fxe3 Kxb4 51. Rh8 Rxg3 52. Rxh5 Rh3 53. e4 Kc4 54. e5
$11) 49... Rxe3+ 50. Kf2 Rf3+ 51. Kg2 Kc4 52. Re8 Kxb4 53. Re5 Kc4 54. Rxh5 b4
55. Rg5 Rf6 56. Rxg4+ Kc3 57. Rg8 Rb6 58. Rc8+ Kd3 59. Rd8+ Ke4 60. h5 $11) 48.
Ra8 Kxb4 49. Ke3 Rc5 (49... Kc4 50. Kxe4 Rxf2 51. Rc8+ Kb3 52. Rc5 b4 53. Rxh5
Kc4 54. Rh8 b3 55. Rc8+ Kb4 56. Rb8+ Kc3 (56... Ka3 57. Ra8+ Kb2 58. h5 Rh2 59.
Kf4 Rxh5 60. Kxg4 Rb5 61. Rf8 Kc2 62. Kh4 b2 63. Rf1 b1=Q 64. Rxb1 Rxb1 65. g4
Kd3 $19) 57. Rc8+ Kd2 58. Rb8 Kc2 59. Rc8+ Kd1 60. h5 b2 61. Rb8 Kc1 62. h6
b1=Q+ 63. Rxb1+ Kxb1 64. h7 Rh2 65. Kf5 Kc2 66. Kxg4 Rxh7 67. Kf5 Rf7+ 68. Ke5
Rg7 69. Kf4 Kd3 $19) 50. Kxe4 Kc3 51. Ra5 Kc4 $4 {Throwing away the win.} (
51... Rc4+ 52. Ke3 (52. Kf5 b4 53. Re5 b3 54. Re3+ Kc2 55. Re2+ Kc1 56. Kg6 Rc5
$19) 52... b4 53. Rxh5 (53. Ra1 b3 $19 (53... Kb2 54. Ra5 b3 55. Kd3 Rc3+ 56.
Kd2 Rc2+ 57. Kd1 Rxf2 58. Rxh5 Rg2 59. Rg5 Rxg3 60. h5 Rh3 $19)) 53... b3 54.
Rd5 b2 55. Rd1 Kc2 56. Rh1 b1=Q 57. Rxb1 Kxb1 58. h5 Kc2 59. h6 Rc6 60. Kf4
Rxh6 61. Kxg4 Rf6 62. f4 Kd3 63. Kg5 Rf8 64. g4 Ke4 65. f5 Rg8+ 66. Kh6 Ke5 $19
) 52. f3 $4 (52. f4 gxf3 53. Kxf3 b4 54. Ra1 {is the way to get to the game
position.}) 52... gxf3 $4 {Showing complete non-understanding of rook endings.}
(52... Kb4 53. Ra1 Rc4+ 54. Kf5 (54. Ke3 Rc3+ 55. Kf4 gxf3 (55... Rxf3+ $2 56.
Kg5 Rxg3 57. Kxh5 Rg2 58. Rb1+ Kc4 59. Rc1+ Kd5 60. Rb1 Kc5 61. Rc1+ Kb6 62.
Rb1 $11) 56. Rf1 Ka3 57. g4 Rc4+ 58. Kg5 hxg4 59. h5 b4 60. h6 b3 61. h7 Rc8
62. Kxg4 Rh8 $19) 54... gxf3 55. Kg5 Rg4+ 56. Kxh5 Rxg3 57. Rb1+ Kc4 58. Rc1+
Kd3 59. Rb1 f2 $19) 53. Kxf3 b4 54. Ra1 Kb5 $6 {Not the best!I could pose him
serious difficulties with a check.} (54... Rf5+ 55. Ke4 (55. Kg2 Kc3 (55... b3
56. g4 hxg4 57. Kg3 b2 58. Rb1 Kc3 59. Kxg4 $11) 56. g4 Rf4 57. gxh5 Rxh4 58.
Rc1+ Kd3 59. Rc5 b3 60. Kg3 Rb4 61. Rd5+ Kc3 62. h6 b2 63. h7 Rb8 64. Rd1 Kc2
65. Rh1 Rh8 66. Rh2+ Kc3 67. Rh1 Rxh7 $19) 55... Rf8 $1 (55... Rb5 56. Kf4 b3
57. g4 b2 58. Rb1 $11) (55... Rf2 56. Rc1+ Kb5 (56... Kb3 57. Rc5 Ka4 (57...
Ka2 58. Rxh5 b3 59. Ra5+) 58. Rxh5 b3 59. Rh8 b2 60. Rb8) 57. Kd4 Rd2+ 58. Ke3
Rg2 59. Kf3 Rh2 60. Rb1 Kc4 61. Rc1+ Kd4 62. Rd1+ Kc3 63. Rd5 b3 64. Rxh5 b2
65. Rb5 $11) 56. Rc1+ Kb3 (56... Kb5 57. Rb1 Rg8 58. Kf4 Rg4+ 59. Kf3 Rg6 (
59... Kc4 60. Rc1+ Kd3 61. Rc5 b3 62. Rxh5 Rb4 63. Rd5+ Kc4 64. Rd1 b2 65. Rb1
$11) 60. Kf4 Kc4 61. Rc1+ Kd3 62. Rc5 b3 63. Rxh5 Rb6 64. Re5 b2 65. Re1 b1=Q
66. Rxb1 Rxb1 67. h5 $11) 57. Rc5 Rb8 (57... Rh8 58. Kf4 Ka2 59. g4 hxg4 60.
Ra5+ Kb2 61. Kxg4 $11) 58. Rxh5 Kc2 59. Rc5+ Kd2 60. Rd5+ Ke2 61. Kd4 $3 b3 62.
Kc3 $11) 55. g4 Rc3+ 56. Kf4 Rc4+ 57. Kg5 hxg4 58. h5 $11 {Now it is a draw.I
have started to get really upset in this point of the game.} g3 (58... b3 59.
h6 g3 60. Rg1 Kb4 61. h7 Rc8 62. Rxg3 b2 63. Rg1 Kb3 64. Kg6 $11) 59. Rg1 Rc8
60. h6 (60. Rxg3 Rg8+ 61. Kh4 Rxg3 62. Kxg3 b3 63. h6 b2 64. h7 b1=Q 65. h8=Q
$11) 60... b3 61. h7 b2 $4 ({Anything draws with the extra pawn.} 61... Kb4 62.
Rxg3 b2 63. Rg1 Kb3 64. Kh6 Ka2 65. Kg7 b1=Q 66. Rxb1 Kxb1 67. h8=Q Rxh8 68.
Kxh8 $11) (61... Rh8 $11) 62. Rb1 $18 Kc6 $2 {I could still show a stiff
resistance.} (62... Rc5+ 63. Kg4 Rc4+ 64. Kh3 $3 (64. Kxg3 Rc3+ $11 {is just a
draw.}) 64... Rc2 (64... Rc8 65. Rxb2+ Ka6 66. Kxg3 Rc3+ 67. Kg2 Rc8 68. Rf2
Kb6 69. Kg3 Rh8 70. Rf7 Kc6 71. Kg4 Kd6 72. Kg5 Ke6 73. Kg6 $18) 65. Rxb2+ $3
Rxb2 66. Kxg3 $18 {wins beautifully.}) (62... Ka6 63. Rxb2 Rc5+ 64. Kg4 $18)
63. Rxb2 Kd5 64. Rg2 Ke4 65. Rxg3 1-0

[Event "Budapest FS06 GM"]
[Site "Budapest"]
[Date "1995.??.??"]
[Round "11"]
[White "Metz, Hartmut"]
[Black "Enders, Peter"]
[Result "1-0"]
[WhiteElo "2315"]
[BlackElo "2480"]
[Annotator "Baburin,A"]
[PlyCount "57"]
[EventDate "1995.06.??"]
[EventType "tourn"]
[EventRounds "11"]
[EventCountry "HUN"]
[EventCategory "9"]
[SourceTitle "CBM 049"]
[Source "ChessBase"]
[SourceDate "1995.12.01"]
[SourceVersion "1"]
[SourceVersionDate "1995.12.01"]
[SourceQuality "1"]

1. e4 c5 2. Nf3 d6 3. d4 cxd4 4. Nxd4 Nf6 5. Nc3 a6 6. Bg5 e6 7. Qd2 b5 8. f3
Be7 9. h4 O-O 10. O-O-O b4 11. Nce2 a5 12. g4 Ba6 13. Kb1 Qc7 14. Bxf6 Bxf6 15.
g5 Bxd4 16. Nxd4 Nd7 17. h5 Bxf1 18. Rhxf1 Rab8 19. g6 $1 {[#]Usually such
move is a sign that White is succeeding in his attack. In positions with
castling on oppositesides, it's particularly important to begin your own
attack first and make the opponent defend, so that his counterattack won't be
so dangerous.} Nc5 20. gxh7+ Kxh7 21. Rf2 Rg8 22. Rg2 Na4 23. Rdg1 Nc3+ 24. Ka1
a4 25. bxc3 bxc3 26. Qd3 Qb6 27. Qxc3 Rgc8 28. Rxg7+ Kh8 29. Rg8+ 1-0

[Event "SWE-ch"]
[Site "Falun"]
[Date "2012.07.12"]
[Round "6"]
[White "Berg, Emanuel"]
[Black "Blomqvist, Erik"]
[Result "1-0"]
[WhiteElo "2573"]
[BlackElo "2457"]
[Annotator "Berg,E"]
[PlyCount "93"]
[EventDate "2012.07.07"]
[EventType "tourn"]
[EventRounds "9"]
[EventCountry "SWE"]
[EventCategory "9"]
[SourceTitle "CBM 149 Extra"]
[Source "ChessBase"]
[SourceDate "2012.08.24"]
[SourceVersion "1"]
[SourceVersionDate "2012.08.24"]
[SourceQuality "1"]

1. e4 c5 2. Nf3 d6 3. d4 cxd4 4. Nxd4 Nf6 5. Nc3 a6 6. Bg5 e6 7. Qf3 $5 {
All the time since I started playing 6.Bg5 as White in the Najdorf I have
always played 7.f4 in this position. In general I have also been very
successful. However avoiding your opponent's preparation might still be a good
idea now and then. This is an interesting idea for White in order to get a bit
quicker development which has the advantage of avoiding the controversial
Poisoned Pawn variation.} Be7 8. O-O-O h6 {Playing an early ...h6 is rather
unusual, but it might well be a good idea in order to force a decision from
the bishop on g5.} 9. Be3 {I believe this is the best reply in this position,
since on h4 the bishop might be kicked around by ...g5 at an appropriate
moment. White could also leave the bishop on g5 by playing} (9. Qh3 {defending
it tactically. However this move doesn't appeal to me right here. Black should
simply continue development with} Qc7 $146 {when it's questionable how White
should continue.} (9... Qa5 {was played in 1-0 (39) Bjerring,K (2360)
-Christensen,B (2205) Gladsaxe 1993})) 9... Nbd7 $146 {This normal looking
move has not seen daylight before, most probably because of the very few games
in general in the position.} (9... Qc7 10. Qg3) 10. Qg3 h5 $5 {An active move,
planning to activate the rook along the h-file at some stage. The clear
drawback is that now the g5-square is weakened and White could soon return
there with his bishop.} ({An interesting opportunity to play strategically for
the e5-square would be} 10... g5 $5 {However it looks a bit risky too and I
guess White should have the upper hand after the simple} 11. f3 ({Also
interesting is the more concrete attempt} 11. h4 g4 12. f4 {in order to play
for quick counterplay while Black is still undeveloped and remains with his
king in the centre.})) 11. f3 {Defending against knight moves to g4 and
opening the diagonal for the white queen to get back to f2 or e1.} Qc7 ({
Another logical continuation was} 11... h4 12. Qf2 Qc7 13. Bd3 b5 14. g4 b4 15.
Nce2 Ne5 16. Kb1 {with mutual chances.}) 12. h4 $1 {White stops any plans of ..
.h4 from Black and takes control over the square g5.} Ne5 ({After} 12... b5 {
Black must be ready for the piece sacrifice} 13. Bxb5 $5 axb5 14. Ndxb5 {
when White will have three pawns and a dangerous initiative for the piece.
Even the endgames are often unpleasant for Black in view of White's three
connected passed pawns.}) 13. Bg5 Bd7 ({Here} 13... b5 $5 {was possible too
when I think 14.a3 is best. After} 14. a3 (14. Bxf6 Bxf6 $1 {Now the tempting
sacrifice} (14... gxf6 {is solid, but gives White a long term advantage
because of the damage to Black's pawn structure.}) 15. Bxb5+ $2 {only helps
Black.} axb5 16. Ndxb5 Qc5 17. Nxd6+ Kf8 $17 {and there is only White's king
that is in trouble while in addition Black has an extra piece. Especially the
active bishop on f6 is highly dangerous.} 18. f4 Nc4 19. Nxc4 Qxc4 20. e5 Be7
$17 {Houdini}) 14... Rb8 15. Be2 {with mutual chances. Black has been able to
start an offensive against White's king, but on the other hand he still lacks
some development, while White already has all his forces in play.}) 14. f4 Neg4
(14... Nc6 15. Nxc6 Bxc6 16. Bd3 b5 17. Rhe1 O-O (17... b4 18. Bxf6 gxf6 (18...
Bxf6 19. Nd5 $1 $14) 19. Ne2 $14) 18. e5 dxe5 19. fxe5 Rac8) 15. Be2 {White is
soon ready for action in the cenre by means of Bxg4 followed by e5.} b5 16. a3
{This weakness is a necessity in order to maintain the solid position of the
knight on c3.} Rc8 {[%cal Ge6e5,Gc7b7]} 17. Bxg4 hxg4 18. e5 dxe5 (18... Nh5
19. Qxg4 f6 $4 20. exf6 (20. Nd5 $5 exd5 21. e6 Bc6 22. f5 {Domination}) 20...
gxf6 21. Bh6 $1 Rxh6 22. Qg8+ Bf8 23. Nf5 $1 $18) 19. fxe5 Nh5 $2 (19... Bc5
20. Rhe1 $14 ({The tactical idea} 20. exf6 {doesn't work in view of} Qxg3 21.
fxg7 Qe5 $1 $17 (21... Rg8 22. Ne4 {[%cal Ge4f6]}))) (19... b4 $1 {would have
been a serious improvement. However White is still on top after} 20. axb4 Bxb4
21. Rd3 Nd5 22. Nxd5 exd5 23. e6 $1 {opens up lines and diagonals in front of
Black's king.} Bxe6 24. Bf4 Qd7 25. Nxe6 fxe6 26. Qxg4 O-O 27. Be5 Rf5 28. Qg3
{givs White somewhat better prospects in view of his better pawn structure.})
20. Qxg4 Qxe5 (20... Bxa3 21. Ne4 (21. Rh3 $1 {as suggested by Houdini is even
stronger} Bc5 (21... Bf8 22. Rhd3 $18 {when the pressure against Black's
position is far too strong.}) 22. Nb3 $18 {[%csl Rh5][%cal Gh3d3]})) 21. Bxe7
Kxe7 22. Rhe1 {This liqudates into an ending, but still gives White a clear
advantage in view of Black's lack of cordination.} Qf4+ 23. Qxf4 Nxf4 24. g3 $6
({A simpler move was} 24. Nf5+ $1 Kf8 (24... Kf6 25. Rxd7 $18 (25. Nd6 Rc6 (
25... Rc7 26. Rf1 $18) 26. Nxf7 $18) 25... Rxc3 (25... exf5 26. Nd5+ $1 Nxd5
27. Rd6#) 26. bxc3 exf5 27. g3 $16 {with a technically won position for White
allthough Black still has some practical chances.}) 25. Rxd7 exf5 26. Ree7 $16
Kg8 27. Rxf7 Rxh4 (27... Rh7 28. g3 $1 Nh5 29. Rxf5 Nxg3 30. Rg5 Nh5 31. Nd5
$18) 28. Rxg7+ Kh8 29. Kb1 {when White's extra pawn in combination with a
dominating position overall should bring a full point.}) 24... Nh5 (24... Ng6
25. Nd5+ $1 Ke8 (25... Kf8 26. Nb6 Rc7 27. Nxd7+ Rxd7 28. Nxe6+ $18) (25... Kd8
26. Nb6 Rc7 27. Rxe6 $3 $18) 26. Nf5 $16) 25. Nf5+ Kf8 26. Rxd7 exf5 27. Ree7
f6 28. Nd5 $6 (28. Ne2 $16) 28... Rh6 (28... Rh7 29. Nc7 $1 Rh6 (29... Kg8 30.
Ne8 Kf8 31. Nd6 $18) 30. Ne6+ Kg8 31. Nxg7 Nxg3 32. Ne6 Nh5 33. Nd8 Kf8 34. Re1
Ng7 35. Rg1 Ke8 36. Rdxg7 Kxd8 37. Rd1+ Ke8 38. Rg8+ $18) 29. Rf7+ Kg8 30.
Rxg7+ Nxg7 31. Ne7+ Kf8 32. Nxc8 Rg6 $2 (32... Nh5 {was better, with good
drawing chances for Black.} 33. Rd8+ Kf7 34. Rd3 Rg6) 33. Rd8+ $6 $138 (33. Rd6
Nh5 34. Rxa6 Rxg3 35. Nd6 f4 $132) (33. Nd6 $1 Rxg3 34. Rf7+ Kg8 35. Rxf6 {
was stronger, when White keeps control over Black's passed pawn. In view of
the absence of Black's king on the queenside White has good winning chances
even after an exchange of the pawns on f5 and h4.}) 33... Kf7 34. Rd7+ Ke6 35.
Re7+ Kd5 36. Re3 Rg4 37. Ne7+ (37. h5 $5 Nxh5 38. Ne7+ Kc5 39. b4+ Kb6 40. Nxf5
$14 {might have been a better way forward. White keeps control of the position
and remains with an extra pawn.}) 37... Kd4 (37... Kd6 $5) 38. Rd3+ Ke5 (38...
Ke4 39. Nd5 Nh5 40. Nc3+ Ke5 41. Ne2 $14) 39. Nc6+ Ke4 40. Kd2 Nh5 $4 {After
this blunder just in the final stages of the time trouble before 40 moves
White wins another pawn and the rest is pretty simple.} (40... f4 {was
necessary when after} 41. Rd4+ Kf3 42. Rxf4+ Rxf4 43. gxf4 Kxf4 44. Nb8 {
White should win with correct play, but it's not obvious.} a5 45. Nc6 a4 46.
Nd4 Kg3 47. Nxb5 f5 48. Nc3 f4 49. Nxa4 f3 50. Nc3 $18 {and White will be able
to sacrifice the knight for Black's f-pawn when the four passed pawns will
start to tell.}) 41. Re3+ Kd5 42. Ne7+ Kc5 43. b4+ Kc4 44. Nxf5 Kd5 45. Ke2 Ng7
46. Nxg7 Rxg7 47. Kf3 {Black's king is cut off from the kingside, so White
simply marches up the board with his king when the passed h-pawn will decide
the game.} 1-0